000 00574nam a2200181Ia 4500
003 IN-BaIIA
008 211028s9999 xx 000 0 eng d
040 _cIIA Library
080 _a521.2
_bKUZ
100 _aKuzmin's, G G
_93527
245 0 _aSummaries of works from the Tartu observatory stellar statistics and dynamics
_cG. G. Kuzmin's
260 _aLondon
_c1959
300 _a50p.
650 _aAstronomy and astrophysics thesaurus
650 _aCollected works
_9760
650 _aGalactic dynamics
_91517
942 _cBK
999 _c1836
_d1836